Islamic Medicine : The Key to a Better Life (Record no. 587577)

000 -LEADER
fixed length control field 00452nam a22001457a 4500
020 ## - INTERNATIONAL STANDARD BOOK NUMBER
International Standard Book Number 9786035000611
040 ## - CATALOGING SOURCE
Transcribing agency NUST
082 ## - DEWEY DECIMAL CLASSIFICATION NUMBER
Classification number 610.917671 YUS
100 ## - MAIN ENTRY--PERSONAL NAME
Personal name Yusuf Al-Hajj Ahmad
9 (RLIN) 88319
110 ## - MAIN ENTRY--CORPORATE NAME
Corporate name or jurisdiction name as entry element Nasiruddin Khattab, Huda Khattab
9 (RLIN) 88754
245 ## - TITLE STATEMENT
Title Islamic Medicine : The Key to a Better Life
260 ## - PUBLICATION, DISTRIBUTION, ETC.
Place of publication, distribution, etc. Riyadh:
Name of publisher, distributor, etc. Maktaba Dar-us-Salam,
Date of publication, distribution, etc. 2010.
650 ## - SUBJECT ADDED ENTRY--TOPICAL TERM
Topical term or geographic name entry element Islam Medicine, Medicine, Arab, Abdul Nasir Khattab
9 (RLIN) 88755
942 ## - ADDED ENTRY ELEMENTS (KOHA)
Source of classification or shelving scheme
Koha item type Book
Holdings
Withdrawn status Lost status Source of classification or shelving scheme Damaged status Not for loan Permanent Location Current Location Shelving location Date acquired Full call number Barcode Date last seen Price effective from Koha item type Public note
          College of Electrical & Mechanical Engineering (CEME) College of Electrical & Mechanical Engineering (CEME) General Stacks 01/12/2022 610.917671 YUS CEME-50637 01/12/2022 01/12/2022 Book 4.0
© 2023 Central Library, National University of Sciences and Technology. All Rights Reserved.